00409nam a22001577a 4500003000700000005001700007008004100024082002000065100001100085245005100096250001100147260004600158300000800204490001700212650002200229MPLRDC20220104144119.0210129b ||||| |||| 00| 0 eng d a857.622 HL v.18 a何洛 a二十年来香港惊人罪案. 第十八集c a初版 ab环球图书杂志出版社出版c1983 b平 a奇案实录 a小说--罪案类